000 00721nam a22001937a 4500
999 _c100295
_d100295
005 20181204150514.0
010 _aENG-115258
020 _a9789384082062
_c795.00
035 _aEN-98790
037 _bDBAD/PUB
100 _aDasgupta,Sabyasachi
245 _aIn defence of honour and justice :
_bsepoy rebellions in the nineteenth century /
_cby Sabyasachi Dasgupta
260 _aDelhi
_bPrimus Books
_c2015
270 _aVirat Bhawan, Mukherjee Nagar Commercial Complex
_bDelhi
_e110009
300 _ax,143p. :
_bill.
_c24cm(Hb)
500 _a Includes bibliographical references (pages 125-132) and index.
650 _aMutiny
_zIndia
_xHistory
_y19th century.
942 _2ddc
_cEN
_mDAS
_h954.0317